01220cam a2200253 a 450000100090000000300050000900500170001400800410003101000170007202000220008904000130011105000220012408200150014610000270016124500920018825000120028026000480029230000610034050504740040165000280087565000280090370000150093170000200094614285617NUST20221118154038.0060303s2006 cau 001 0 eng  a 2006272692 a978-0-495-55497-9 aDLCcDLC00aQA39.3b.S74 2006 a515.25,STE1 aStewart, James,d1941-10aPrecalculus :bmathematics for calculus /cJames Stewart, Lothar Redlin, Saleem Watson. a5th ed. aBelmont, CA :bThomson Brooks/Cole,cc2006. a1 v. (various pagings) ;c26 cm. +e1 CD-ROM (4 3/4 in.) aFundamentals (page-1), Functions (Page-146), Polynomial and Rational Functions (Page-248), Exponential and Logarithmic Functions (Page-326), Trigonometric Functions of Real Numbers (Page-398), Trigonometric Functions of Angles (Page-466), Analytic Trigonometry (Page-526), Polar Coordinates and Vectors (Page-580), Systems of Equations and Inequalities (Page-634), Analytic Geometry (Page-742), Sequences and Series (Page-820), Limits: A Preview of Calculus (Page-880). 0aMathematicsvTextbooks. 0aPrecalculusvTextbooks.1 aRedlin, L.1 aWatson, Saleem.